| 000 | 00595nam a2200205 u 4500 | ||
|---|---|---|---|
| 005 | 20240912063829.0 | ||
| 008 | 080721s2004 ag r 000 0 spa d | ||
| 020 | _a9872134006 | ||
| 035 | _aUPN01000157824 | ||
| 049 | _aI | ||
| 050 | 4 |
_aPZ76.3 _bS2.5 |
|
| 100 | 1 | _aSalvi, Alicia | |
| 245 | 1 | 0 |
_aSueño de ranita / _cAlicia Salvi ; il. Ana Von Rebeur. |
| 260 |
_aBuenos Aires : _bHomoSapiens : _bImacción, _c2004. |
||
| 300 |
_a31 p. : _bil col. |
||
| 440 | 0 | _aAniarmar | |
| 650 | 4 |
_aCuentos infantiles argentinos _97466 |
|
| 650 | 0 |
_aAnimales _vCuentos y leyendas _9234 |
|
| 905 | _aInfantil | ||
| 999 |
_c129938 _d129938 |
||